Most Common US Last Names Starting With A - Statistics

General Stats
  • This quiz has been taken 580 times
  • The average score is 6 of 15
Answer Stats
# name % Correct
762,394 Anderson
84%
413,086 Adams
79%
129,320 Andrews
75%
463,368 Allen
70%
193,443 Alexander
52%
168,817 Alvarez
41%
113,160 Austin
37%
136,315 Arnold
35%
129,982 Armstrong
24%
71,528 Adkins
16%
126,399 Aguilar
13%
69,843 Avila
12%
76,477 Acosta
10%
66,515 Ayala
8%
93,723 Alvarado
7%
No matching quizzes found
Score Distribution
Percent of People with Each Score
Percentile by Number Answered
Your Score History
You have not taken this quiz